[Event "London Classic op 11th"]
[Site "London"]
[Date "2019.12.02"]
[Round "5"]
[White "Mugalu, Hassan"]
[Black "Chakanyuka, Charles"]
[Result "1-0"]
[WhiteElo "1836"]
[BlackElo "2036"]
[PlyCount "129"]
[EventDate "2019.11.29"]
[EventType "swiss"]
[EventRounds "9"]
[EventCountry "ENG"]
[SourceTitle "CBM 193 Extra"]
[Source "ChessBase"]
[SourceDate "2020.01.31"]
[SourceVersion "1"]
[SourceVersionDate "2020.01.31"]
[SourceQuality "1"]

1. d4 d6 2. Bf4 g6 3. e3 Bg7 4. Nf3 c5 5. c3 cxd4 6. cxd4 Nf6 7. Nc3 0-0 8. Be2 Nc6 9. h3 a6 10. Rc1 Qb6 11. Qd2 Nb4 12. Bc4 d5 13. Bb3 Bf5 14. 0-0 Nd3 15. Na4 Qb5 16. Rc7 Nxf4 17. exf4 Rac8 18. Nc3 Qb4 19. Rxc8 Rxc8 20. Nxd5 Nxd5 21. Bxd5 Qxd2 22. Nxd2 Rc2 23. Nf3 Rxb2 24. Bb3 Bc2 25. Bxc2 Rxc2 26. a4 Kf8 27. Rb1 Rc7 28. Rb6 Ke8 29. Kf1 e6 30. Ne5 Bxe5 31. dxe5 Kd8 32. Rb4 Kc8 33. a5 Rc2 34. Ra4 Kc7 35. g3 h5 36. Kg2 Kc6 37. Ra3 Rc4 38. Kf3 b5 39. axb6 Kxb6 40. g4 a5 41. Kg3 a4 42. Rd3 h4+ 43. Kxh4 Rxf4 44. Kg3 Rc4 45. h4 Rc1 46. Kf4 Kb5 47. Kg5 Rg1 48. Rd7 a3 49. Rxf7 Kb6 50. Rf3 a2 51. Ra3 a1Q 52. Rxa1 Rxa1 53. Kxg6 Ra4 54. f3 Kc6 55. h5 Kd5 56. h6 Kxe5 57. g5 Ra7 58. h7 Ra8 59. Kh6 Kf5 60. f4 e5 61. g6 Ra1 62. fxe5 Rh1+ 63. Kg7 Rg1 64. h8Q Rxg6+ 65. Kf7 1-0

[Event "London Classic op 11th"]
[Site "London"]
[Date "2019.12.01"]
[Round "4"]
[White "Sedykh, Mikhail"]
[Black "Mugalu, Hassan"]
[Result "1-0"]
[WhiteElo "2134"]
[BlackElo "1836"]
[PlyCount "49"]
[EventDate "2019.11.29"]
[EventType "swiss"]
[EventRounds "9"]
[EventCountry "ENG"]
[SourceTitle "CBM 193 Extra"]
[Source "ChessBase"]
[SourceDate "2020.01.31"]
[SourceVersion "1"]
[SourceVersionDate "2020.01.31"]
[SourceQuality "1"]

1. d4 Nf6 2. c4 g6 3. Nc3 Bg7 4. e4 d6 5. Nf3 Nbd7 6. Be2 0-0 7. 0-0 c5 8. d5 Ng4 9. Ng5 Ndf6 10. h3 Ne5 11. f4 Ned7 12. Be3 h6 13. Nf3 Nh5 14. Kh2 a6 15. Qd2 Kh7 16. Bd3 Rg8 17. g4 Nhf6 18. e5 Ne8 19. e6 fxe6 20. Bxg6+ Kxg6 21. Qd3+ Kf7 22. dxe6+ Kf8 23. Qg6 Ne5 24. fxe5 Bxe6 25. Ng5+ 1-0

[Event "London Classic op"]
[Site "London"]
[Date "2017.12.04"]
[Round "4"]
[White "Mugalu, Hassan"]
[Black "Barton, R Alan"]
[Result "0-1"]
[WhiteElo "1798"]
[BlackElo "2052"]
[PlyCount "118"]
[EventDate "2017.12.02"]
[EventType "swiss"]
[EventRounds "9"]
[EventCountry "ENG"]
[SourceTitle "CBM 182 Extra"]
[Source "ChessBase"]
[SourceDate "2018.02.23"]
[SourceVersion "1"]
[SourceVersionDate "2018.02.23"]
[SourceQuality "1"]

1. Nf3 d6 2. d4 Bg4 3. h3 Bxf3 4. gxf3 Nd7 5. Nc3 e6 6. Rg1 Ne7 7. e4 c6 8. Bc4 d5 9. Bb3 Ng6 10. f4 dxe4 11. Qe2 Nf6 12. Be3 Qc7 13. Qd2 0-0-0 14. 0-0-0 Nh4 15. Qe2 Nf5 16. Qc4 Bd6 17. Ne2 Nd5 18. Qa4 Kb8 19. Bxd5 cxd5 20. Kb1 Rc8 21. Rc1 Qc4 22. Qxc4 Rxc4 23. b3 Rc6 24. c4 Bb4 25. Rc2 Rhc8 26. c5 b6 27. Kb2 bxc5 28. a3 cxd4 29. Rxc6 Rxc6 30. axb4 dxe3 31. fxe3 g6 32. h4 h5 33. Nd4 Nxd4 34. exd4 a6 35. Ra1 Kb7 36. Ra5 Rb6 37. Kc3 Rb5 38. Ra1 Ka7 39. Ra2 Kb6 40. Ra4 a5 41. bxa5+ Rxa5 42. Rb4+ Kc7 43. Kb2 Ra7 44. Rb5 Kd7 45. Kc3 Ke7 46. Rc5 Kf6 47. b4 Kf5 48. b5 Rb7 49. Kb4 Kxf4 50. Ka5 e3 51. Ka6 Rb8 52. Rc7 e2 53. Rxf7+ Kg3 54. Rf6 e1Q 55. Rxg6+ Kxh4 56. Ka7 Rxb5 57. Rxe6 Qa5+ 58. Ra6 Qc7+ 59. Ka8 Qb7# 0-1

[Event "London Classic op"]
[Site "London"]
[Date "2017.12.02"]
[Round "1"]
[White "Bremner, Adam"]
[Black "Mugalu, Hassan"]
[Result "1-0"]
[WhiteElo "2231"]
[BlackElo "1798"]
[PlyCount "99"]
[EventDate "2017.12.02"]
[EventType "swiss"]
[EventRounds "9"]
[EventCountry "ENG"]
[SourceTitle "CBM 182 Extra"]
[Source "ChessBase"]
[SourceDate "2018.02.23"]
[SourceVersion "1"]
[SourceVersionDate "2018.02.23"]
[SourceQuality "1"]

1. d4 Nf6 2. c4 e6 3. Nf3 b6 4. g3 Bb7 5. Bg2 c5 6. 0-0 cxd4 7. Nxd4 Bxg2 8. Kxg2 Be7 9. Nc3 0-0 10. e4 Nc6 11. f4 Nxd4 12. Qxd4 Bc5 13. Qd3 Qc8 14. b3 Qc6 15. Bb2 Rad8 16. Rad1 Bb4 17. Rfe1 a6 18. Re2 Rfe8 19. a3 Be7 20. a4 Qc5 21. e5 Qc6+ 22. Qf3 Ng4 23. Ne4 f5 24. exf6 Nxf6 25. Nxf6+ gxf6 26. Red2 Qc7 27. f5 Rf8 28. Qg4+ Kf7 29. Qh5+ Kg7 30. Rd4 Qc6+ 31. Kh3 exf5 32. Qxf5 Qe6 33. Qg4+ Kf7 34. Rxd7 Qxg4+ 35. Kxg4 Ke6 36. R7d5 Rg8+ 37. Kf4 Rxd5 38. cxd5+ Kd7 39. Bd4 b5 40. Be3 Rg5 41. Kf3 Rf5+ 42. Bf4 Bd6 43. Kg4 Re5 44. Bxe5 fxe5 45. Kf5 Bc7 46. Re1 bxa4 47. bxa4 h5 48. Rxe5 a5 49. Ke4 h4 50. gxh4 1-0

[Event "BCF-ch 103rd U180/2050"]
[Site "Bournemouth"]
[Date "2016.07.27"]
[Round "3"]
[White "Mugalu, Hassan"]
[Black "Collins, Jonathan L"]
[Result "0-1"]
[WhiteElo "1943"]
[BlackElo "1878"]
[PlyCount "116"]
[EventDate "2016.07.25"]
[EventType "swiss"]
[EventRounds "5"]
[EventCountry "ENG"]
[SourceTitle "EXT 2019"]
[Source "ChessBase"]
[SourceDate "2018.10.10"]
[SourceVersion "1"]
[SourceVersionDate "2018.10.10"]
[SourceQuality "1"]

1. Nf3 Nf6 2. d4 g6 3. Bg5 Ne4 4. Bf4 c5 5. Nbd2 d5 6. Be5 f6 7. Bg3 Qb6 8. Nxe4 dxe4 9. dxc5 Qxb2 10. Nd2 e3 11. fxe3 Qc3 12. e4 Bh6 13. Rb1 Nc6 14. Rb3 Qa5 15. e3 Be6 16. Rxb7 Qxc5 17. Bb5 Qxe3+ 18. Qe2 Qxd2+ 19. Qxd2 Bxd2+ 20. Kxd2 0-0-0+ 21. Ke3 Kxb7 22. Rb1 Bd7 23. Bc4+ Ka8 24. Ba6 Bc8 25. Bd3 e5 26. Bf2 Bd7 27. Rb3 Rb8 28. Ra3 Nd4 29. Kd2 Rb7 30. Ra6 Bb5 31. Rxf6 Bxd3 32. Kxd3 Rd8 33. c3 Ne6+ 34. Kc2 Ng5 35. Bg3 Nxe4 36. Re6 Nxg3 37. hxg3 Rb5 38. Re7 Rh8 39. Kd3 Ra5 40. c4 Ra3+ 41. Ke4 Rxa2 42. c5 Rxg2 43. Kf3 Rc2 44. Rxe5 Rc8 45. Re7 R2xc5 46. Rxh7 R8c7 47. Rh8+ Kb7 48. Rg8 g5 49. Kg4 a5 50. Re8 a4 51. Re1 Ka6 52. Re6+ Ka5 53. Re3 Rb7 54. Ra3 Rb3 55. Ra1 a3 56. Ra2 Ka4 57. Kh3 Rcc3 58. Kh2 Rb2+ 0-1

[Event "Southend op 60th"]
[Site "Southend"]
[Date "2016.03.26"]
[Round "3"]
[White "Mugalu, Hassan"]
[Black "Norton, Craig"]
[Result "1/2-1/2"]
[WhiteElo "1825"]
[BlackElo "2082"]
[PlyCount "102"]
[EventDate "2016.03.25"]
[EventType "swiss"]
[EventRounds "7"]
[EventCountry "ENG"]
[SourceTitle "CBM 171 Extra"]
[Source "ChessBase"]
[SourceDate "2016.04.26"]
[SourceVersion "1"]
[SourceVersionDate "2016.04.26"]
[SourceQuality "1"]

1. Nf3 c5 2. g3 Nc6 3. Bg2 d5 4. 0-0 Nf6 5. d3 e6 6. Nbd2 Bd6 7. e4 0-0 8. Re1 Qc7 9. Qe2 Nd7 10. b3 a6 11. Bb2 d4 12. Nc4 f6 13. a4 b6 14. c3 e5 15. Nh4 dxc3 16. Bxc3 Rd8 17. Ne3 Bf8 18. Nd5 Qb7 19. Nf5 Ndb8 20. Qg4 Kh8 21. Qh4 Ra7 22. f4 Qf7 23. fxe5 g5 24. e6 gxh4 25. exf7 Bxf5 26. Bxf6+ Bg7 27. exf5 Rxf7 28. Bxd8 Bxa1 29. f6 Bd4+ 30. Kh1 Nd7 31. Re8+ Rf8 32. f7 Nxd8 33. Bh3 Nxf7 34. Bxd7 Rxe8 35. Bxe8 Nd6 36. Bd7 b5 37. axb5 axb5 38. gxh4 c4 39. dxc4 bxc4 40. b4 c3 41. Ba4 Nc4 42. b5 Nb6 43. Nxb6 Bxb6 44. Kg2 Kg7 45. Bc2 h6 46. Kf3 Kh8 47. h5 Kg8 48. Ke4 Kh8 49. Kd5 Bg1 50. h3 Bf2 51. Kc6 Bg1 1/2-1/2

[Event "Southend op 60th"]
[Site "Southend"]
[Date "2016.03.25"]
[Round "1"]
[White "Mugalu, Hassan"]
[Black "Costley, Martin Owen"]
[Result "1-0"]
[WhiteElo "1825"]
[BlackElo "2152"]
[PlyCount "103"]
[EventDate "2016.03.25"]
[EventType "swiss"]
[EventRounds "7"]
[EventCountry "ENG"]
[SourceTitle "CBM 171 Extra"]
[Source "ChessBase"]
[SourceDate "2016.04.26"]
[SourceVersion "1"]
[SourceVersionDate "2016.04.26"]
[SourceQuality "1"]

1. Nf3 d5 2. d4 e6 3. Bf4 Bd6 4. Qd2 Nf6 5. Nc3 Bb4 6. a3 Ne4 7. Qe3 Bxc3+ 8. bxc3 b6 9. Nd2 Ba6 10. Qf3 Nxd2 11. Kxd2 0-0 12. e3 Bxf1 13. Rhxf1 c5 14. h4 Nd7 15. g4 Qc8 16. g5 Qc6 17. h5 Rac8 18. Qg3 f6 19. Bd6 e5 20. Bxf8 Rxf8 21. Rg1 cxd4 22. exd4 exd4 23. cxd4 f5 24. Qd3 b5 25. Qc3 Qd6 26. h6 g6 27. Rae1 Nb6 28. Kd1 Nc4 29. Re2 Qf4 30. Qa1 a5 31. c3 Rc8 32. Qc1 Qd6 33. Rge1 b4 34. cxb4 axb4 35. Re6 Qb8 36. axb4 Qxb4 37. Re8+ Rxe8 38. Rxe8+ Kf7 39. Re2 Qb3+ 40. Qc2 Qf3 41. Qa2 Qd3+ 42. Rd2 Qxd2+ 43. Qxd2 Nxd2 44. Kxd2 f4 45. Kc3 Ke6 46. Kb4 Kd6 47. f3 Kc6 48. Ka5 Kd6 49. Kb6 Ke6 50. Kc5 Kf5 51. Kxd5 Kxg5 52. Ke6 1-0